01128cam a22003015i 4500999001700000003000900017005001700026008004100043020001800084040004300102082001900145100003600164245007500200264006500275300002900340336002600369337002800395338002700423490002600450504005100476650003500527650003800562650003100600651001000631653001300641942001200654952016000666 c10825d10825EG-ScBUE20201128013523.0090212s2007 enk f b 001 0 eng d a9781403988119 aEG-ScBUEbengerdacEG-ScBUEdEG-ScBUE04a808.3bBOU2221 aBoulter, Amanda,eauthor.9211410aWriting fiction :bcreative and critical approaches /cAmanda Boulter. 1aHampshire, England ;aNew York :bPalgrave Macmillan,c2007. axi, 205 pages ; c22 cm. atextbtxt2rdacontent aunmediatedbn2rdamedia avolumebnc2rdacarrier0 aApproaches to writing aIncludes bibliographical references and index. 7aCreative writing.2BUEsh92118 7aFictionxAuthorship.2BUEsh92116 7aFictionxTechnique.2BUEsh 2BUEsh bHHUUEENN 2ddccBB 00102ddc40708AlahramaMAINbMAINc2NDd2009-02-12ePurchaseg184.10h6473l3m34o808.3 BOUp000014798r2025-07-15 00:00:00s2023-06-13w2009-02-12yBB